| 000 | 02454nam a2200613 i 4500 | ||
|---|---|---|---|
| 001 | 46603 | ||
| 003 | KOSZ 005 | ||
| 005 | 20220304145658.0 | ||
| 008 | 210407s2004 pl a f 000 0 pol | ||
| 015 | _aUWD 2006/19592 | ||
| 020 | _a8391659275 | ||
| 035 | _a991025809579705066 | ||
| 035 | _a(PL-WaBN)b17027342-48omnis_nlop | ||
| 035 | _ab17027342 | ||
| 035 | _a(OCoLC)749520083 | ||
| 035 | _azz2005810378 | ||
| 035 | _a(PL)b0000001702734 | ||
| 035 | _a(EXLNZ-48OMNIS_NETWORK)9910417694605606 | ||
| 040 |
_aWA N _cWA N _dKOSZ 005/RW |
||
| 046 | _k2004 | ||
| 080 | _a336.763.2 | ||
| 080 | _a336.764/.768 | ||
| 080 | _a(075.8) | ||
| 100 | 1 |
_aIvanov, Arkadij Pavlovič _eAutor |
|
| 245 | 1 | 0 |
_aInwestycyjna atrakcyjność akcji : _bwartość godziwa, aktywność rynkowa, ocena ryzyka, zarządzanie portfelem / _cA. P. Iwanow, Z. Ziółkowski ; [recenzenci: dr hab. prof. W. Deluga, dr hab. prof. A.O. Blinow, dr hab. prof. A.W. Mishenko]. |
| 250 | _aWydanie 2. | ||
| 260 |
_aKoszalin : _bStowarzyszenie Humanistów i Artystów, _c2004. |
||
| 300 |
_a124, [2] strony : _bilustracje ; _c30 cm. |
||
| 336 |
_aTekst _btxt _2rdacontent |
||
| 337 |
_aBez urządzenia pośredniczącego _bn _2rdamedia |
||
| 338 |
_aWolumin _bnc _2rdacarrier |
||
| 380 | _aKsiążki | ||
| 380 | _aPublikacje fachowe | ||
| 380 | _aPublikacje dydaktyczne | ||
| 385 |
_mPoziom nauczania _aSzkoły wyższe |
||
| 388 | 1 | _a2001- | |
| 504 | _aBibliografia na stronie 124. | ||
| 521 | 8 | _aKsiążka jest adresowana do szerokiego kręgu inwestorów i profesjonalnych uczestników rynku papierów wartościowych, a także do studentów wszystkich specjalności ekonomicznych. | |
| 650 | 7 |
_aAkcje (ekonomia) _2DBN |
|
| 650 | 7 | _aInwestycje | |
| 650 | 7 |
_aRynek kapitałowy _2DBN |
|
| 650 | 7 |
_aRyzyko inwestycyjne _2DBN |
|
| 650 | 7 |
_aZarządzanie portfelem _2DBN |
|
| 655 | 7 |
_aPodręczniki akademickie _2DBN |
|
| 658 | _aGospodarka, ekonomia, finanse | ||
| 700 | 1 |
_aZiółkowski, Zdzisław _c(ekonomia) _eAutor |
|
| 700 | 1 |
_aBlinow, A.O. _eRecenzja |
|
| 700 | 1 |
_aMishenko, A.W. _eRecenzja |
|
| 710 | 2 |
_aStowarzyszenie Humanistów i Artystów _4pbl |
|
| 700 | 1 |
_aDeluga, Włodzimierz _d(1947-2022) _eRecenzja |
|
| 856 |
_uhttp://koha.tu.koszalin.pl/cgi-bin/koha/opac-detail.pl?biblionumber=46603 _yKatalog online BPK |
||
| 942 |
_2UKD _cKS |
||
| 999 |
_c46603 _d46603 |
||